Tesis doctoral Asignación de Riesgos en la Colaboración Público-Privada (Registro nro. 48194)
[ vista simple ]
| 000 -CABECERA | |
|---|---|
| Campo de control interno | nam a22 7a 4500 |
| 005 - FECHA Y HORA DE LA CATALOGACION | |
| Campo de control | 20200413170626.0 |
| 008 - ELEMENTOS DE LONGITUD FIJA - INFORMACION | |
| Elementos de Longitud Fija - Informaci | 200413b xxu||||| |||| 00| 0 eng d |
| 040 ## - ORIGEN DE LA CATALOGACION | |
| Origen de la Catalogación | ANE |
| 041 ## - CODIGO DE LENGUAJE | |
| Código de lenguaje del texto | Es |
| 100 ## - AUTOR PERSONAL | |
| Autor Personal | Rafael Román, Dickson Morales |
| 245 ## - TÍTULO GENERAL | |
| Título | Tesis doctoral Asignación de Riesgos en la Colaboración Público-Privada |
| Mención del autor | Rafael Román, Dickson Morales |
| 260 ## - EDITORIAL | |
| Ciudad | Coruña |
| Fecha | 2018 |
| 300 ## - DESCRIPCION | |
| Número de páginas | 363 p. |
| 650 ## - DESCRIPTORES - TEMAS | |
| Temas - Descriptores | Derecho Pùblico |
| 650 ## - DESCRIPTORES - TEMAS | |
| Temas - Descriptores | Riesgos |
| 650 ## - DESCRIPTORES - TEMAS | |
| Temas - Descriptores | Equilibrio económico |
| 650 ## - DESCRIPTORES - TEMAS | |
| Temas - Descriptores | Responsabilidad Patrimonial Administrativa |
| 650 ## - DESCRIPTORES - TEMAS | |
| Temas - Descriptores | Administración Riesgo |
| 650 ## - DESCRIPTORES - TEMAS | |
| Temas - Descriptores | Análisis económico |
| 856 ## - URL - Ubicaci | |
| URI/URL | http://documentacion.asambleanacional.gob.ec/alfresco/d/d/workspace/SpacesStore/0bc7f889-8428-4082-ae97-93724a65fce7/TESIS%20DOCTORAL%20ASIGNACI%c3%92N%20DE%20RIESGOS%20EN%20LA%20COLABORACI%c3%92N%20P%c3%99BLICO.pdf |
| 942 ## - ELEMENTOS DE KOHA | |
| Esquema de Clasificaci | |
| Tipo de Documento | Biblioteca Virtual |
| Catalogador | Nr. |
| Withdrawn status | Lost status | Fuente de Clasificaci | Damaged status | Not for loan | Ubicaci | Biblioteca | Fecha de Adquisición | Vía de adquisición | Signatura Topogr | Código de barras | Date last seen | Price effective from | Tipo de Item |
|---|---|---|---|---|---|---|---|---|---|---|---|---|---|
| Biblioteca Asamblea Nacional | Biblioteca Asamblea Nacional | 2020-04-13 | Donación | TESIS | 0168 | 2020-04-13 | 2020-04-13 | Biblioteca Virtual |